Alle Länder und Hauptstädte der Erde ohne Übersicht - Statistiken

Allgemein
  • Dieses Quiz wurde 2.141 mal gespielt
    194 seit der letzten Aktualisierung
  • Das Durchschnittsergebnis liegt bei 273 aus 392
Antwortstatistiken
question Capital City / Country % Korrekt
? Deutschland
87%
? Vereinigte Staaten
87%
? Vereinigtes Königreich
84%
? Berlin
83%
? Kanada
83%
? Irland
82%
? Portugal
82%
? Russland
82%
? Schweden
82%
? Ukraine
82%
? Island
81%
? Kolumbien
81%
? Mexiko
81%
? Mexiko-Stadt
81%
? Norwegen
81%
? Polen
81%
? Spanien
81%
? Belgien
80%
? Dänemark
80%
? Finnland
80%
? Italien
80%
? Niederlande
80%
? Österreich
80%
? Albanien
79%
? Andorra
79%
? Luxemburg
79%
? Schweiz
79%
? Vatikanstadt
79%
? Venezuela
79%
? Argentinien
78%
? Australien
78%
? Belarus
78%
? Brasilien
78%
? Estland
78%
? Jamaika
78%
? Moskau
78%
? Nicaragua
78%
? Panama
78%
? Panama-Stadt
78%
? Amsterdam
77%
? Belize
77%
? Bolivien
77%
? Brüssel
77%
? China
77%
? Ecuador
77%
? Frankreich
77%
? Guatemala
77%
? Guatemala-Stadt
77%
? Honduras
77%
? Indonesien
77%
? Israel
77%
? Kosovo
77%
? Lettland
77%
? Liechtenstein
77%
? Litauen
77%
? Madrid
77%
? Monaco
77%
? Montenegro
77%
? Neuseeland
77%
? Nordmazedonien
77%
? Oslo
77%
? Ottawa
77%
? Peru
77%
? San Marino
77%
? Slowenien
77%
? Stockholm
77%
? Tschechien
77%
? Ungarn
77%
? Algerien
76%
? Bulgarien
76%
? Chile
76%
? Costa Rica
76%
? Dominica
76%
? El Salvador
76%
? Haiti
76%
? Irak
76%
? Kroatien
76%
? Kuba
76%
? Lissabon
76%
? Paraguay
76%
? Südafrika
76%
? Warschau
76%
? Armenien
75%
? Bern
75%
? Budapest
75%
? Dublin
75%
? Griechenland
75%
? Helsinki
75%
? Iran
75%
? Kasachstan
75%
? Kyiv
75%
? Laos
75%
? London
75%
? Marokko
75%
? Mongolei
75%
? Oman
75%
? Paris
75%
? Republik Kongo
75%
? Rom
75%
? Rumänien
75%
? Uruguay
75%
? Washington D.C.
75%
? Ägypten
74%
? Brasília
74%
? Fidschi
74%
? Georgien
74%
? Guyana
74%
? Indien
74%
? Jemen
74%
? Kopenhagen
74%
? Mali
74%
? Malta
74%
? Moldawien
74%
? Prag
74%
? Reykjavík
74%
? Riga
74%
? Slowakei
74%
? Suriname
74%
? Syrien
74%
? Tadschikistan
74%
? Tirana
74%
? Tunesien
74%
? Usbekistan
74%
? Wien
74%
? Aserbaidschan
73%
? Bahamas
73%
? Botswana
73%
? Canberra
73%
? Eritrea
73%
? Föderierte Staaten von Mikronesien
73%
? Grenada
73%
? Japan
73%
? Kairo
73%
? Libanon
73%
? Marshallinseln
73%
? Niger
73%
? Nigeria
73%
? Nordkorea
73%
? Palau
73%
? Peking
73%
? Salomonen
73%
? Serbien
73%
? Sofia
73%
? St. Lucia
73%
? Sudan
73%
? Thailand
73%
? Trinidad und Tobago
73%
? Türkei
73%
? Vaduz
73%
? Vilnius
73%
? Andorra la Vella
72%
? Barbados
72%
? Brunei
72%
? Bukarest
72%
? Dschibuti
72%
? Elfenbeinküste
72%
? Jerusalem
72%
? Kamerun
72%
? Kenia
72%
? Kirgisistan
72%
? Madagaskar
72%
? Minsk
72%
? Nepal
72%
? Papua-Neuguinea
72%
? Ruanda
72%
? Saudi-Arabien
72%
? Südkorea
72%
? Turkmenistan
72%
? Vanuatu
72%
? Vietnam
72%
? Athen
71%
? Äthiopien
71%
? Bagdad
71%
? Bahrain
71%
? Bangladesch
71%
? Buenos Aires
71%
? Dominikanische Republik
71%
? Katar
71%
? Lesotho
71%
? Libyen
71%
? Nauru
71%
? Osttimor
71%
? Samoa
71%
? Seychellen
71%
? Singapur
71%
? Südsudan
71%
? Taiwan
71%
? Tallinn
71%
? Togo
71%
? Tokio
71%
? Tonga
71%
? Tunis
71%
? Tuvalu
71%
? Wellington
71%
? Afghanistan
70%
? Algier
70%
? Angola
70%
? Ankara
70%
? Baku
70%
? Bangkok
70%
? Bhutan
70%
? Bogotá
70%
? Burkina Faso
70%
? Burundi
70%
? Caracas
70%
? Eswatini
70%
? Gambia
70%
? Ghana
70%
? Guinea
70%
? Guinea-Bissau
70%
? Havanna
70%
? Jordanien
70%
? Kambodscha
70%
? Kap Verde
70%
? Kiribati
70%
? Lima
70%
? Ljubljana
70%
? Malaysia
70%
? Malé
70%
? Malediven
70%
? Mauretanien
70%
? Mauritius
70%
? Mosambik
70%
? Namibia
70%
? Pakistan
70%
? Pjöngjang
70%
? Quito
70%
? Rabat
70%
? Sambia
70%
? San Salvador
70%
? São Tomé
70%
? Senegal
70%
? Simbabwe
70%
? Tansania
70%
? Uganda
70%
? Vereinigte Arabische Emirate
70%
? Zagreb
70%
? Belgrad
69%
? Jakarta
69%
? Kingston
69%
? Komoren
69%
? Kuwait
69%
? Kuwait-Stadt
69%
? Myanmar
69%
? Neu-Delhi
69%
? Santiago
69%
? Seoul
69%
? Somalia
69%
? Sri Lanka
69%
? Teheran
69%
? Ulaanbaatar
69%
? Zypern
69%
? Damaskus
68%
? Islamabad
68%
? Liberia
68%
? Philippinen
68%
? Port-au-Prince
68%
? Sierra Leone
68%
? Tschad
68%
? Valletta
68%
? Antigua und Barbuda
67%
? Benin
67%
? Bischkek
67%
? Chișinău
67%
? La Paz | Sucre
67%
? Nairobi
67%
? Nassau
67%
? Priština
67%
? St. Vincent und die Grenadinen
67%
? Tiflis
67%
? Zentralafrikanische Republik
67%
? Äquatorial-Guinea
66%
? Beirut
66%
? Belmopan
66%
? Bratislava
66%
? Gabun
66%
? Georgetown
66%
? Hanoi
66%
? Managua
66%
? Montevideo
66%
? Riad
66%
? Sarajevo
66%
? St. Kitts und Nevis
66%
? Astana
65%
? Asunción
65%
? Bosnien und Herzegowina
65%
? Kathmandu
65%
? Kuala Lumpur
65%
? Nikosia
65%
? Podgorica
65%
? Pretoria | Kapstadt | Bloemfontein
65%
? Santo Domingo
65%
? Skopje
65%
? Taipeh
65%
? Amman
64%
? Dakar
64%
? Jerewan
64%
? Kabul
64%
? Kinshasa
64%
? Sanaa
64%
? San José
64%
? Tegucigalpa
64%
? Windhoek
64%
? Accra
63%
? Aşgabat
63%
? Asmara
63%
? Bamako
63%
? Basseterre
63%
? Bissau
63%
? Dhaka
63%
? Doha
63%
? Duschanbe
63%
? Freetown
63%
? Juba
63%
? Lomé
63%
? Malawi
63%
? Manila
63%
? Maskat
63%
? Mogadischu
63%
? Phnom Penh
63%
? Port-of-Spain
63%
? Roseau
63%
? Vientiane
63%
? Addis Abeba
62%
? Brazzaville
62%
? Bridgetown
62%
? Manama
62%
? Taschkent
62%
? Tripolis
62%
? Abu Dhabi
61%
? Abuja
61%
? Antananarivo
61%
? Castries
61%
? Conakry
61%
? Harare
61%
? Kigali
61%
? Paramaribo
61%
? Porto-Novo | Cotonou
61%
? Praia
61%
? Victoria
61%
? Banjul
60%
? Dili
60%
? Khartum
60%
? Kingstown
60%
? Port Moresby
60%
? Saint John's
60%
? Gaborone
59%
? Jaunde
59%
? Monrovia
59%
? Nouakchott
59%
? Port Louis
59%
? Suva
59%
? Thimphu
59%
? Luanda
58%
? Lusaka
58%
? Maputo
58%
? Mbabane
58%
? Ouagadougou
58%
? Bangui
57%
? Dodoma
57%
? Gitega
57%
? Kampala
57%
? Libreville
57%
? Maseru
57%
? Naypyidaw
57%
? N'Djamena
57%
? Port Vila
57%
? Saint George's
57%
? Yamoussoukro
57%
? Honiara
56%
? Moroni
56%
? South Tarawa
56%
? Apia
55%
? Ngerulmud
55%
? Nukuʻalofa
55%
? Lilongwe
54%
? Majuro
54%
? Palikir
54%
? Bandar Seri Begawan
53%
? Funafuti
53%
? Niamey
53%
? Yaren
53%
? Demokratische Republik Kongo
50%
? Sri Jayawardenepura Kotte
50%
? São Tomé und Príncipe
49%
? Ciudad de la Paz
26%
Keine übereinstimmenden Quizze gefunden
Verteilung der Resultate
Anzahl Personen mit jedem Resultat
Perzentil nach korrekt beantworteten Fragen
Ihre Resultats-Entwicklung
Sie haben dieses Quiz seit der letzten Aktualisierung nicht gespielt